Sports Quiz

Random Sports or Clickable Quiz
Score 0/22 Timer 08:00
0 Plays Today
% Correct
Federer
78.8%
Baryshnikova
68.3%
Li
64.9%
Paparounas
63.9%
Im
50.5%
Ikeda
47.6%
Deng
44.2%
Wieber
43.8%
Mujtaba
40.4%
Sigurdsson
39.4%
Vezzali
37.5%
% Correct
Agnel
37%
Castillo
36.5%
Garcia Godoy
35.1%
Cohen
34.1%
Scola
32.2%
Coertzen
31.7%
Magnussen
29.3%
Brockl
25.5%
Nordhaug
24%
Marcotte
14.9%
Colucci
13%
Remove Ads.
Support Sporcle.
Get the best of Sporcle when you Go Orange. This ad-free experience offers more features, more stats, and more fun while also helping to support Sporcle. Thank you for becoming a member.

You're not logged in!

Compare scores with friends on all Sporcle quizzes.
OR
Log In

Show Comments

Extras

Top Quizzes Today


Score Distribution

Your Account Isn't Verified!

In order to create a playlist on Sporcle, you need to verify the email address you used during registration. Go to your Sporcle Settings to finish the process.

Report this User

Report this user for behavior that violates our Community Guidelines.

Details: